000
00224nam a2200097Ia 4500
005
20251222175818.0
008
251222s9999||||xx |||||||||||||| ||spa||
082
_a
DVD0070/V28/2003
245
0
_a
Elephant:Elefante
942
_c
DVD
999
_c
40387
_d
40387